000 00467pab a2200169 454500
008 180718b2013 xxu||||| |||| 00| 0 eng d
100 _aSharma, Neeraj
245 _aCurrent agrarian crisis in Punjab: Causes and remedies
260 _c2013
300 _ap.150-168.
650 _aAgrarian structure - India - Punjab
650 _aAgrarian structure
700 _aHarinder Mohan
773 _aResearch Journal social Sciences
908 _aN
909 _a103589
999 _c103585
_d103585